00273nam a2200097Ia 45000010005000000080041000050820019000461000033000652450061000982600016001594628241024s9999 xx 000 0 und d a344/C581i/2016 aCity Montessori School (CMS) 0aInternational Conferences of Chief Justices of the World bIndiac2016